| 000 | 00953nas a2200277 i 4500 | ||
|---|---|---|---|
| 001 | 2292 | ||
| 003 | ES-MaACL | ||
| 005 | 20250901063220.0 | ||
| 007 | t| | ||
| 008 | 950801d19661973sp q| | 1 ||pa d | ||
| 022 | _a0497-2783 | ||
| 080 | _a008 | ||
| 245 | 0 | 0 |
_aTercer programa _b: ensayo arte, ciencia / _cRadio Nacional de España, Tercer Programa [dir. José Manuel Riancho]. |
| 260 |
_aMadrid : _bEd. Nacional, _c1966-1973 ( _fHéroes) |
||
| 300 |
_a6 v. ; _c22 cm. |
||
| 310 | _aTrimestral | ||
| 362 | 0 | _a1 (abr. mayo. jun. 1966)-20 (dic. 1973) | |
| 650 | 1 | 4 |
_aRevistas de información general. _916896 |
| 700 | 1 |
_aRiancho, José Manuel, _9194463 |
|
| 710 | 2 |
_aRadio Nacional de España _96282 |
|
| 852 |
_aES-MaACL _jHEM-H-259 _xOlim:Hem-1427 _d2332 _cHEM _zRevista: Viva |
||
| 866 | 0 |
_o1966-68(1969)1970-72. _zUltimo numero recibido año 1972 |
|
| 942 |
_2udc _cPERIODICA |
||
| 999 |
_c2292 _d2292 |
||